[Event "First Saturday 2010 junius FM-B"]
[Site "Budapest"]
[Date "2010.06.05"]
[Round "1"]
[White "Grimm, Gyorgy"]
[Black "Benyeda, Tibor"]
[Result "1-0"]
[WhiteElo "1689"]
[BlackElo "1670"]
[PlyCount "110"]
[EventDate "2010.06.05"]

1. Nf3 Nf6 2. c4 g6 3. Nc3 Bg7 4. e4 d6 5. d4 O-O 6. Be2 c5 7. O-O cxd4 8. Nxd4
Nc6 9. Be3 Re8 10. Rc1 Bd7 11. a3 Nxd4 12. Bxd4 Bc6 13. f3 e6 14. b4 b6 15. b5
Bb7 16. Qb3 d5 17. Rfd1 dxe4 18. Nxe4 Bxe4 19. fxe4 Qc7 20. Bf3 Nd7 21. Bxg7
Kxg7 22. e5 Rac8 23. Bc6 Red8 24. Bxd7 Rxd7 25. Rxd7 Qxd7 26. Rd1 Qc7 27. Qc3
Qc5+ 28. Kf1 Qxc4+ 29. Qxc4 Rxc4 30. Rd3 Rc5 31. a4 Rc4 32. Ra3 Re4 33. Kf2
Rxe5 34. g4 a6 35. Rb3 axb5 36. axb5 Kf6 37. Kf3 Ke7 38. Kf4 Kd6 39. h4 h6 40.
Rb1 g5+ 41. hxg5 hxg5+ 42. Kf3 Kc5 43. Rb2 Kc4 44. Rc2+ Kxb5 45. Rc7 f5 46. Re7
fxg4+ 47. Kxg4 Kb4 48. Rd7 Kb3 49. Kh5 b5 50. Kg6 b4 51. Kf6 Rd5 52. Rg7 Kb2
53. Kxe6 Ra5 54. Rh7 b3 55. Rh3 Ka2 1-0

[Event "First Saturday 2010 junius FM-B"]
[Site "Budapest"]
[Date "2010.06.05"]
[Round "1"]
[White "Kelemen, Lajos dr"]
[Black "Karpati, Bank"]
[Result "0-1"]
[WhiteElo "1437"]
[BlackElo "1674"]
[PlyCount "60"]
[EventDate "2010.06.05"]

1. d4 d5 2. e4 e6 3. e5 c5 4. c3 Nc6 5. Nf3 Qb6 6. Bd3 Bd7 7. O-O cxd4 8. cxd4
Nxd4 9. Nxd4 Qxd4 10. Nc3 a6 11. Qe2 Ne7 12. Kh1 Nc6 13. f4 Nb4 14. Bb1 Qc4 15.
Qxc4 dxc4 16. a3 Nd5 17. Ne4 Bc6 18. Rd1 Be7 19. Rf1 O-O 20. f5 exf5 21. Rxf5
Rad8 22. Rf1 f6 23. exf6 Nxf6 24. Ng5 Ne4 25. Nf3 Bc5 26. Bxe4 Bxe4 27. Bg5 Rd3
28. Ne5 Rxf1+ 29. Rxf1 Rd5 30. Bf4 Bd6 0-1

[Event "First Saturday 2010 junius FM-B"]
[Site "Budapest"]
[Date "2010.06.06"]
[Round "2"]
[White "Mayer, Istvan"]
[Black "Kelemen, Lajos dr"]
[Result "1-0"]
[WhiteElo "2119"]
[BlackElo "1437"]
[PlyCount "65"]
[EventDate "2010.06.05"]

1. e4 c5 2. Nf3 a6 3. c3 d5 4. exd5 Qxd5 5. d4 e6 6. Be2 Be7 7. O-O Nf6 8. Ne5
cxd4 9. cxd4 O-O 10. Nc3 Qd8 11. Bf3 Nd5 12. Nxd5 exd5 13. Qb3 Nd7 14. Bxd5
Nxe5 15. dxe5 Rb8 16. Bf4 Be6 17. Bxe6 fxe6 18. Qxe6+ Kh8 19. Be3 Re8 20. Qb6
Qd5 21. f4 h6 22. Rad1 Qc6 23. Qxc6 bxc6 24. Rf2 c5 25. b3 Rb4 26. Rc2 Rc8 27.
Rd7 Re4 28. Kf2 Bf8 29. Rc4 Rxc4 30. bxc4 Rb8 31. Ra7 Rb2+ 32. Kf3 Rxa2 33. Ra8
1-0

[Event "First Saturday 2010 junius FM-B"]
[Site "Budapest"]
[Date "2010.06.06"]
[Round "2"]
[White "Benyeda, Tibor"]
[Black "Hetesi, Zoltan"]
[Result "1-0"]
[WhiteElo "1670"]
[BlackElo "1546"]
[PlyCount "89"]
[EventDate "2010.06.05"]

1. d4 e5 2. dxe5 Nc6 3. Nf3 Qe7 4. Qd5 Nb4 5. Qb3 Nc6 6. Qc3 Qe6 7. a3 Nge7 8.
Bf4 Ng6 9. Bg3 b5 10. Nbd2 b4 11. Qc4 d5 12. exd6 Qxc4 13. Nxc4 Ba6 14. e3 Bxc4
15. Bxc4 cxd6 16. Ng5 Nge5 17. Bd5 Rc8 18. O-O Ne7 19. Bb3 h6 20. Ne4 Nf5 21.
axb4 Nc6 22. Ba4 d5 23. Nc5 Bxc5 24. bxc5 O-O 25. Bxc6 Rxc6 26. b4 a6 27. Be5
Re8 28. Bg3 g5 29. Rfd1 Rd8 30. c3 h5 31. e4 Ne7 32. exd5 Rxd5 33. Rxd5 Nxd5
34. Be5 Re6 35. Bd4 f5 36. Kf1 Nf4 37. Be3 Nd5 38. Bxg5 Nxc3 39. Re1 Rg6 40. h4
Nd5 41. Rb1 Rg7 42. b5 Nc3 43. Ra1 axb5 44. Ra8+ Kh7 45. Bf6 1-0

[Event "First Saturday 2010 junius FM-B"]
[Site "Budapest"]
[Date "2010.06.06"]
[Round "2"]
[White "Marosvolgyi, Tibor"]
[Black "Grimm, Gyorgy"]
[Result "0-1"]
[WhiteElo "1628"]
[BlackElo "1689"]
[PlyCount "72"]
[EventDate "2010.06.05"]

1. Nf3 Nf6 2. d4 g6 3. c4 Bg7 4. Nc3 d5 5. Bf4 O-O 6. Nb5 Na6 7. e3 c6 8. Nc3
Nc7 9. Bd3 dxc4 10. Bxc4 Nfd5 11. Nxd5 Nxd5 12. Bg3 h6 13. O-O Be6 14. Rc1 Qd7
15. Ne5 Bxe5 16. Bxe5 Nb6 17. Bd3 Qd5 18. a3 Nd7 19. Bf4 Kh7 20. g4 Nf6 21. Rc5
Qa2 22. g5 hxg5 23. Rxg5 Rh8 24. Be5 Qxb2 25. Rh5+ Kg7 26. Rxh8 Rxh8 27. Kh1
Bh3 28. Rg1 Qxf2 29. Be4 Qxe3 30. Qc2 Qh6 31. Rg3 Be6 32. Rg2 Kh7 33. Qe2 Bd5
34. Bxf6 Bxe4 35. Qxe4 exf6 36. Rg4 f5 0-1

[Event "First Saturday 2010 junius FM-B"]
[Site "Budapest"]
[Date "2010.06.07"]
[Round "3"]
[White "Grimm, Gyorgy"]
[Black "Toth, Antal"]
[Result "1/2-1/2"]
[WhiteElo "1689"]
[BlackElo "1657"]
[PlyCount "50"]
[EventDate "2010.06.05"]

1. e4 c5 2. Nf3 d6 3. d4 cxd4 4. Nxd4 Nf6 5. Nc3 g6 6. Be2 Bg7 7. O-O O-O 8.
Be3 a6 9. Qd2 Nc6 10. Rad1 Qc7 11. Bf3 Ne5 12. Be2 Nc4 13. Bxc4 Qxc4 14. b3 Qc7
15. Nd5 Nxd5 16. exd5 b5 17. Rc1 Bb7 18. c4 bxc4 19. Rxc4 Qd7 20. Qa5 Rfc8 21.
Rfc1 Rxc4 22. Rxc4 Rc8 23. Nc6 e6 24. dxe6 fxe6 25. Nd4 Rxc4 1/2-1/2

[Event "First Saturday 2010 junius FM-B"]
[Site "Budapest"]
[Date "2010.06.07"]
[Round "3"]
[White "Hetesi, Zoltan"]
[Black "Marosvolgyi, Tibor"]
[Result "0-1"]
[WhiteElo "1546"]
[BlackElo "1628"]
[PlyCount "72"]
[EventDate "2010.06.05"]

1. e4 c5 2. Nf3 Nc6 3. d4 cxd4 4. Nxd4 e5 5. Nxc6 bxc6 6. Bc4 Nf6 7. Nc3 Bb7 8.
Be3 Bb4 9. Qd3 d5 10. exd5 cxd5 11. Bb5+ Nd7 12. a3 Bxc3+ 13. bxc3 a6 14. Ba4
O-O 15. Rb1 Qc7 16. Bxd7 Qxd7 17. O-O Bc6 18. Rfd1 Qg4 19. Bc5 Rfd8 20. h3 Qg5
21. Rb6 Bb5 22. Be3 Qh5 23. Qd2 Rac8 24. Rb1 Qe2 25. Qxe2 Bxe2 26. Re1 Bb5 27.
Bd2 f6 28. Re3 d4 29. Rg3 dxc3 30. Bh6 Rd7 31. Rxf6 Kh8 32. Bg5 h6 33. Re6 hxg5
34. Rxe5 Rd1+ 35. Kh2 Rc1 36. Rexg5 Rc7 0-1

[Event "First Saturday 2010 junius FM-B"]
[Site "Budapest"]
[Date "2010.06.07"]
[Round "3"]
[White "Kelemen, Lajos dr"]
[Black "Benyeda, Tibor"]
[Result "1/2-1/2"]
[WhiteElo "1437"]
[BlackElo "1670"]
[PlyCount "93"]
[EventDate "2010.06.05"]

1. d4 d5 2. e4 e6 3. e5 c5 4. c3 Nc6 5. Nf3 c4 6. a4 Qb6 7. Be2 Bd7 8. O-O h6
9. Nbd2 Na5 10. Re1 g5 11. Nf1 f5 12. exf6 Nxf6 13. Ne5 Rh7 14. Bh5+ Ke7 15.
Qf3 Be8 16. Ng3 Bg7 17. Nf5+ exf5 18. Nxc4+ Qe6 19. Rxe6+ Kxe6 20. Nxa5 Bxh5
21. Qe3+ Kf7 22. Nxb7 Kg6 23. Nc5 Re8 24. Ne6 Ne4 25. Nxg7 Kxg7 26. h3 Kf6 27.
Qd3 Re6 28. Bd2 Nxd2 29. Qxd2 Re2 30. Qd3 Rxb2 31. Qa6+ Rb6 32. Qd3 Re7 33. Rb1
Rbe6 34. Qd2 Be8 35. Kf1 Bxa4 36. Qa2 Bb5+ 37. Kg1 Bc4 38. Qa3 a6 39. Qa5 Kg6
40. Rb6 Kh5 41. Rxe6 Rxe6 42. Qa4 f4 43. Qd1+ Re2 44. Qa4 Re1+ 45. Kh2 Re2 46.
Qd7 a5 47. Qf7+ 1/2-1/2

[Event "First Saturday 2010 junius FM-B"]
[Site "Budapest"]
[Date "2010.06.07"]
[Round "3"]
[White "Karpati, Bank"]
[Black "Mayer, Istvan"]
[Result "1/2-1/2"]
[WhiteElo "1674"]
[BlackElo "2119"]
[PlyCount "98"]
[EventDate "2010.06.05"]

1. e4 c5 2. Nf3 d6 3. d4 cxd4 4. Nxd4 Nf6 5. Nc3 g6 6. Be3 Bg7 7. f3 Nc6 8. Bc4
O-O 9. Qd2 Nd7 10. O-O Nxd4 11. Bxd4 Bxd4+ 12. Qxd4 Qb6 13. Qxb6 Nxb6 14. Bb3
Be6 15. Rfd1 Rfc8 16. Rac1 a5 17. Nd5 Bxd5 18. Bxd5 Rc7 19. a3 Rac8 20. c3 Kf8
21. Rd2 Rc5 22. Bxb7 Rb8 23. Ba6 Na4 24. Rcc2 Rc7 25. Kf2 Nc5 26. Be2 a4 27.
Rd4 Ra7 28. Rb4 Rc8 29. Rd2 Rcc7 30. Rdd4 Rcb7 31. Rxb7 Rxb7 32. Rb4 Ra7 33.
Ke3 f6 34. Bc4 h5 35. h3 Kg7 36. Bd5 f5 37. Bc6 e5 38. Rb6 f4+ 39. Kd2 Kf6 40.
Bd5 Rd7 41. Rb8 Rg7 42. Rd8 Ke7 43. Rg8 Rxg8 44. Bxg8 h4 45. Kc2 Kd7 46. b3
axb3+ 47. Bxb3 Kc6 48. Bf7 g5 49. c4 Kb6 1/2-1/2

[Event "First Saturday 2010 junius FM-B"]
[Site "Budapest"]
[Date "2010.06.08"]
[Round "4"]
[White "Benyeda, Tibor"]
[Black "Karpati, Bank"]
[Result "0-1"]
[WhiteElo "1670"]
[BlackElo "1674"]
[PlyCount "89"]
[EventDate "2010.06.05"]

1. d4 d5 2. c4 c6 3. cxd5 cxd5 4. Nc3 Nf6 5. Nf3 Bf5 6. Qb3 Bc8 7. Bg5 e6 8. e3
Be7 9. Rc1 Nc6 10. a3 O-O 11. Bd3 Qb6 12. Qc2 h6 13. Bf4 Bd7 14. O-O Rac8 15.
Qe2 Rfd8 16. Bg3 Na5 17. Bb5 Bxb5 18. Nxb5 a6 19. Bc7 Rxc7 20. Nxc7 Bd6 21.
Nxa6 bxa6 22. Qc2 Nc4 23. b4 Nxa3 24. Qc6 Qxb4 25. Qxa6 Nc4 26. Rb1 Qc3 27.
Rfc1 Qd3 28. Rd1 Qf5 29. Rb7 Qc2 30. Rbb1 Ne4 31. Rf1 Ba3 32. Ra1 Bb2 33. Ra2
Nc3 34. Qa7 Nxa2 35. Qxa2 Qc3 36. Rb1 Qa3 37. Qxa3 Bxa3 38. h3 Bd6 39. Kf1 Rb8
40. Rc1 Rb2 41. Ne1 Ba3 42. Ra1 Nd2+ 43. Kg1 Rb1 44. Rxa3 Rxe1+ 45. Kh2 {
after 15 move} 0-1

[Event "First Saturday 2010 junius FM-B"]
[Site "Budapest"]
[Date "2010.06.08"]
[Round "4"]
[White "Marosvolgyi, Tibor"]
[Black "Kelemen, Lajos dr"]
[Result "0-1"]
[WhiteElo "1628"]
[BlackElo "1437"]
[PlyCount "75"]
[EventDate "2010.06.05"]

1. Nf3 d5 2. d4 c5 3. dxc5 Qa5+ 4. Nc3 e6 5. Bf4 Bxc5 6. a3 Qb6 7. Na4 Bxf2+ 8.
Kd2 Qa5+ 9. Nc3 Nf6 10. b4 Qd8 11. e3 Ne4+ 12. Nxe4 dxe4+ 13. Kc1 Qxd1+ 14.
Kxd1 exf3 15. g3 O-O 16. Kd2 Rd8+ 17. Bd3 b6 18. Rhf1 Bxe3+ 19. Kxe3 Bb7 20.
Rad1 Rc8 21. c4 f6 22. Rc1 e5 23. Bxe5 fxe5 24. Be4 Bxe4 25. Kxe4 Rf8 26. Rcd1
Nc6 27. Kd5 Ne7+ 28. Kxe5 Ng6+ 29. Kd5 Rad8+ 30. Kc6 Rxd1 31. Rxd1 Ne5+ 32. Kd5
Ng4 33. Kc6 Nxh2 34. Kb7 f2 35. Kxa7 f1=Q 36. Rxf1 Nxf1 37. Kxb6 Nxg3 38. c5
0-1

[Event "First Saturday 2010 junius FM-B"]
[Site "Budapest"]
[Date "2010.06.08"]
[Round "4"]
[White "Toth, Antal"]
[Black "Hetesi, Zoltan"]
[Result "1-0"]
[WhiteElo "1657"]
[BlackElo "1546"]
[PlyCount "61"]
[EventDate "2010.06.05"]

1. e4 e5 2. Nf3 Nc6 3. Bb5 a6 4. Ba4 b5 5. Bb3 Bc5 6. c3 Nf6 7. Bc2 d5 8. d4
dxe4 9. Nxe5 Nxe5 10. dxe5 Qxd1+ 11. Bxd1 Ng4 12. Bxg4 Bxg4 13. O-O O-O 14. Re1
Rfd8 15. Nd2 Bf5 16. Nb3 Bb6 17. Bf4 Rd3 18. h3 h6 19. Rad1 Rad8 20. Rxd3 Rxd3
21. Kf1 c5 22. Be3 Be6 23. Nxc5 Bxc5 24. Bxc5 Bc4 25. Kg1 Bxa2 26. Rxe4 Bb1 27.
Re1 Ba2 28. Ra1 Bc4 29. Rxa6 Rd1+ 30. Kh2 Rd2 31. b4 1-0

[Event "First Saturday 2010 junius FM-B"]
[Site "Budapest"]
[Date "2010.06.08"]
[Round "4"]
[White "Mihajlova, Diana"]
[Black "Grimm, Gyorgy"]
[Result "0-1"]
[WhiteElo "1467"]
[BlackElo "1689"]
[PlyCount "97"]
[EventDate "2010.06.05"]

1. e4 c5 2. c3 d5 3. e5 d4 4. Qc2 Nc6 5. Nf3 g6 6. Bc4 Bf5 7. d3 e6 8. Qb3 Qc7
9. Bf4 a6 10. Qd1 Bg7 11. O-O Bg4 12. Nbd2 Bxe5 13. Bxe5 Nxe5 14. cxd4 cxd4 15.
Rc1 Qd6 16. Bb3 Nxf3+ 17. Nxf3 Qf4 18. Ba4+ b5 19. Bxb5+ axb5 20. Qc2 Bxf3 21.
gxf3 Qxf3 22. Qc5 Qd5 23. Qb4 Ra4 24. Qe1 Ne7 25. b3 Rxa2 26. b4 O-O 27. Rc5
Qb7 28. Qb1 Raa8 29. Qe1 Rfc8 30. Re5 Ra6 31. f4 Nf5 32. Rf2 Nh4 33. Re4 Rca8
34. Qe2 Ra1+ 35. Rf1 Rxf1+ 36. Kxf1 Qd5 37. Qg4 Ra1+ 38. Kf2 Ra2+ 39. Kf1 Nf5
40. Ke1 Qb3 41. Re2 Qxb4+ 42. Kf2 Rxe2+ 43. Qxe2 Qd6 44. Qe4 b4 45. Ke2 b3 46.
Kd1 Qc5 47. Qe5 Ne3+ 48. Ke1 Qxe5 49. fxe5 0-1

[Event "First Saturday 2010 junius FM-B"]
[Site "Budapest"]
[Date "2010.06.09"]
[Round "5"]
[White "Hetesi, Zoltan"]
[Black "Mihajlova, Diana"]
[Result "1-0"]
[WhiteElo "1546"]
[BlackElo "1467"]
[PlyCount "35"]
[EventDate "2010.06.05"]

1. e4 d5 2. exd5 Nf6 3. c4 e6 4. Nc3 Bc5 5. d4 Bb6 6. a3 a5 7. c5 Ba7 8. Bb5+
Bd7 9. dxe6 Bxb5 10. exf7+ Kf8 11. Nxb5 Qd5 12. Nf3 Qe4+ 13. Be3 Kxf7 14. O-O
Rf8 15. Ng5+ Kg8 16. Nxe4 Nxe4 17. Nxc7 Nc6 18. Nxa8 1-0

[Event "First Saturday 2010 junius FM-B"]
[Site "Budapest"]
[Date "2010.06.09"]
[Round "5"]
[White "Karpati, Bank"]
[Black "Marosvolgyi, Tibor"]
[Result "1-0"]
[WhiteElo "1674"]
[BlackElo "1628"]
[PlyCount "81"]
[EventDate "2010.06.05"]

1. d4 d5 2. c4 dxc4 3. Nc3 Nf6 4. e3 Bf5 5. Bxc4 e6 6. Nf3 Be7 7. O-O O-O 8.
Qb3 b6 9. Bd2 c5 10. dxc5 Bxc5 11. Na4 Be7 12. Rfd1 Nc6 13. a3 Qc7 14. Rac1 Qb7
15. Bb5 Be4 16. Be2 Rac8 17. Nc3 Qb8 18. Nxe4 Nxe4 19. Be1 Nc5 20. Qa2 Rfd8 21.
b4 Rxd1 22. Rxd1 Ne4 23. Qc2 Nd6 24. Qd3 Rd8 25. Rc1 Nf5 26. Qe4 Nd6 27. Qc2
Rc8 28. Qa4 Nd8 29. Rxc8 Qxc8 30. Qxa7 Qb7 31. Qxb7 N6xb7 32. Bc3 Nd6 33. Bd4
b5 34. Bc5 N8b7 35. Bxd6 Nxd6 36. Nd4 Nc4 37. Bxc4 bxc4 38. Kf1 Kf8 39. Ke2 c3
40. Kd3 e5 41. Ne2 1-0

[Event "First Saturday 2010 junius FM-B"]
[Site "Budapest"]
[Date "2010.06.09"]
[Round "5"]
[White "Mayer, Istvan"]
[Black "Benyeda, Tibor"]
[Result "1-0"]
[WhiteElo "2119"]
[BlackElo "1670"]
[PlyCount "87"]
[EventDate "2010.06.05"]

1. e4 c5 2. Nf3 e6 3. d4 cxd4 4. Nxd4 a6 5. Bd3 Bc5 6. Nb3 Be7 7. O-O d6 8. Be3
Nd7 9. f4 b6 10. c3 Bb7 11. N1d2 Qc7 12. Qe2 Ngf6 13. Kh1 Rc8 14. Bg1 O-O 15.
Bxa6 Nc5 16. Nxc5 bxc5 17. Bxb7 Qxb7 18. e5 Nd5 19. c4 Nb4 20. exd6 Bxd6 21.
Ne4 Qc7 22. Nxd6 Qxd6 23. Rad1 Qe7 24. a3 Nc6 25. Qd2 Rfd8 26. Qc3 Rxd1 27.
Rxd1 Rd8 28. Rxd8+ Nxd8 29. Qe5 Qb7 30. Bxc5 Qd7 31. Qd6 Qxd6 32. Bxd6 f5 33.
c5 Kf7 34. b4 Ke8 35. a4 Kd7 36. b5 Kc8 37. c6 Nf7 38. Be5 g5 39. b6 Nxe5 40.
fxe5 g4 41. a5 f4 42. a6 f3 43. gxf3 gxf3 44. a7 1-0

[Event "First Saturday 2010 junius FM-B"]
[Site "Budapest"]
[Date "2010.06.10"]
[Round "6"]
[White "Marosvolgyi, Tibor"]
[Black "Mayer, Istvan"]
[Result "0-1"]
[WhiteElo "1628"]
[BlackElo "2119"]
[PlyCount "58"]
[EventDate "2010.06.05"]

1. Nf3 g6 2. d4 Bg7 3. c4 Nf6 4. Nc3 d5 5. Bf4 O-O 6. e3 c6 7. Bd3 dxc4 8. Bxc4
Nd5 9. Nxd5 cxd5 10. Bb3 Nc6 11. O-O Bg4 12. h3 Bf5 13. Re1 Na5 14. Rc1 Rc8 15.
Rxc8 Bxc8 16. Bc2 Nc4 17. b3 Nd6 18. Qe2 Qb6 19. Rc1 Bd7 20. Be5 f6 21. Bf4 Rc8
22. Qd1 Qb4 23. Nd2 e5 24. dxe5 fxe5 25. Bg3 Nb5 26. a4 Nc3 27. Qe1 Na2 28. f3
Nxc1 29. Qxc1 Qc3 0-1

[Event "First Saturday 2010 junius FM-B"]
[Site "Budapest"]
[Date "2010.06.10"]
[Round "6"]
[White "Toth, Antal"]
[Black "Karpati, Bank"]
[Result "0-1"]
[WhiteElo "1657"]
[BlackElo "1674"]
[PlyCount "82"]
[EventDate "2010.06.05"]

1. e4 e6 2. d4 d5 3. exd5 exd5 4. c4 Bb4+ 5. Nc3 Nf6 6. Bd3 O-O 7. Bg5 h6 8.
Bxf6 Qxf6 9. Nge2 dxc4 10. Bxc4 Nd7 11. O-O Nb6 12. Bb3 c6 13. a3 Be7 14. Ne4
Qg6 15. N2g3 Bh4 16. Qh5 Qxh5 17. Nxh5 Rd8 18. g3 Be7 19. Nf4 Rxd4 20. Rfe1 Bf5
21. Nc3 Bg5 22. Ng2 Rad8 23. f4 Bf6 24. Ne3 Bc8 25. Rad1 Rxd1 26. Rxd1 Rxd1+
27. Nexd1 Bxc3 28. Nxc3 Kf8 29. Kf2 Ke7 30. Ke3 Be6 31. Bxe6 Kxe6 32. Nd1 Kd6
33. b3 Nd5+ 34. Kd3 b6 35. Nf2 f5 36. h4 Nf6 37. b4 Nh5 38. Nh1 Kd5 39. a4 a5
40. bxa5 bxa5 41. Kc3 Kc5 0-1

[Event "First Saturday 2010 junius FM-B"]
[Site "Budapest"]
[Date "2010.06.10"]
[Round "6"]
[White "Mihajlova, Diana"]
[Black "Kelemen, Lajos dr"]
[Result "1-0"]
[WhiteElo "1467"]
[BlackElo "1437"]
[PlyCount "35"]
[EventDate "2010.06.05"]

1. e4 c5 2. d4 cxd4 3. c3 Nf6 4. e5 Nd5 5. Bc4 Nb6 6. Bb3 dxc3 7. Nxc3 Nc6 8.
Nf3 e6 9. Bf4 Be7 10. Nb5 O-O 11. Nd6 Bxd6 12. exd6 Qf6 13. Qd2 Nb8 14. Bg5 Qf5
15. O-O Re8 16. Nh4 Qa5 17. Qxa5 Nc6 18. Qc3 1-0

[Event "First Saturday 2010 junius FM-B"]
[Site "Budapest"]
[Date "2010.06.11"]
[Round "7"]
[White "Karpati, Bank"]
[Black "Mihajlova, Diana"]
[Result "1-0"]
[WhiteElo "1674"]
[BlackElo "1467"]
[PlyCount "47"]
[EventDate "2010.06.05"]

1. d4 Nf6 2. c4 e5 3. dxe5 Ne4 4. Nf3 Bb4+ 5. Bd2 Qe7 6. Qc2 Nxd2 7. Nbxd2 Nc6
8. e3 Nxe5 9. Be2 Nxf3+ 10. Bxf3 d6 11. O-O c5 12. Rfd1 O-O 13. Qe4 Qc7 14. a3
Rd8 15. axb4 d5 16. cxd5 f5 17. Qc4 Qe5 18. Qc3 Qe7 19. bxc5 Bd7 20. d6 Qe8 21.
Bxb7 Rab8 22. Rxa7 Be6 23. Bd5 Bxd5 24. Qxg7# 1-0

[Event "First Saturday 2010 junius FM-B"]
[Site "Budapest"]
[Date "2010.06.11"]
[Round "7"]
[White "Mayer, Istvan"]
[Black "Toth, Antal"]
[Result "1-0"]
[WhiteElo "2119"]
[BlackElo "1657"]
[PlyCount "79"]
[EventDate "2010.06.05"]

1. e4 c5 2. Nf3 d6 3. Nc3 a6 4. d4 cxd4 5. Nxd4 Nf6 6. Be2 g6 7. O-O Bg7 8. Kh1
O-O 9. Be3 Nc6 10. Nb3 Bd7 11. f4 b5 12. a4 b4 13. Nd5 Nxe4 14. Bf3 f5 15. Bb6
Qc8 16. Bd4 Bxd4 17. Nxd4 Qb7 18. c3 e6 19. Nxc6 Bxc6 20. Nxb4 d5 21. Qd4 Be8
22. Nd3 Rc8 23. b4 Rxc3 24. Nc5 Qc8 25. Qe5 Rxc5 26. bxc5 Qxc5 27. Bxe4 fxe4
28. Qxe6+ Bf7 29. Qxa6 d4 30. Rac1 Qd5 31. Rc8 d3 32. Rxf8+ Kxf8 33. f5 gxf5
34. Qc8+ Kg7 35. Rxf5 Qe6 36. Qc3+ Kh6 37. Rf6+ Qxf6 38. Qxf6+ Bg6 39. Qf4+ Kg7
40. a5 1-0

[Event "First Saturday 2010 junius FM-B"]
[Site "Budapest"]
[Date "2010.06.11"]
[Round "7"]
[White "Benyeda, Tibor"]
[Black "Marosvolgyi, Tibor"]
[Result "1/2-1/2"]
[WhiteElo "1670"]
[BlackElo "1628"]
[PlyCount "37"]
[EventDate "2010.06.05"]

1. e4 c5 2. c3 d5 3. exd5 Qxd5 4. d4 Nf6 5. Nf3 e6 6. Be2 cxd4 7. cxd4 Nc6 8.
Nc3 Qd6 9. O-O Be7 10. Nb5 Qd8 11. Bf4 Nd5 12. Bg3 a6 13. Nc3 Nf6 14. Rc1 O-O
15. a3 b6 16. d5 exd5 17. Nxd5 Qxd5 18. Qxd5 Nxd5 19. Rxc6 1/2-1/2

[Event "First Saturday 2010 junius FM-B"]
[Site "Budapest"]
[Date "2010.06.12"]
[Round "8"]
[White "Toth, Antal"]
[Black "Benyeda, Tibor"]
[Result "1-0"]
[WhiteElo "1657"]
[BlackElo "1670"]
[PlyCount "67"]
[EventDate "2010.06.05"]

1. e4 c5 2. Nf3 e6 3. d4 cxd4 4. Nxd4 a6 5. Nc3 Bc5 6. Be3 e5 7. Nf5 Bxe3 8.
Nxe3 Nf6 9. Qd6 Nc6 10. Nf5 Rg8 11. Qa3 d5 12. Nd6+ Kd7 13. exd5 Nd4 14. O-O-O
Qe7 15. Nxc8 Qxa3 16. Nb6+ Ke7 17. bxa3 Rgd8 18. Nxa8 Rxa8 19. Bd3 Rc8 20. Kb2
g6 21. f4 Ng4 22. Rd2 exf4 23. Re1+ Ne3 24. Be4 f5 25. Rxd4 fxe4 26. Rxe4+ Kd6
27. R4xe3 fxe3 28. Rxe3 Rf8 29. Re6+ Kd7 30. Ne4 Rc8 31. Nf6+ Kc7 32. Nxh7 Rd8
33. Nf6 Rd6 34. Ne8+ 1-0

[Event "First Saturday 2010 junius FM-B"]
[Site "Budapest"]
[Date "2010.06.12"]
[Round "8"]
[White "Mihajlova, Diana"]
[Black "Mayer, Istvan"]
[Result "0-1"]
[WhiteElo "1467"]
[BlackElo "2119"]
[PlyCount "54"]
[EventDate "2010.06.05"]

1. e4 e5 2. Bc4 c6 3. Nf3 d5 4. exd5 cxd5 5. Bb5+ Bd7 6. Qe2 e4 7. Ne5 Nf6 8.
Nxd7 Nbxd7 9. d3 Qa5+ 10. Nc3 d4 11. Bxd7+ Kxd7 12. dxe4 dxc3 13. Qd3+ Kc6 14.
bxc3 Rd8 15. Qf3 Qh5 16. Qxh5 Nxh5 17. O-O Nf6 18. Re1 Nxe4 19. Rb1 Bc5 20. Be3
Rhe8 21. c4 Nc3 22. Ra1 Bxe3 23. fxe3 Rd2 24. a4 Rxc2 25. a5 Re4 26. Rac1 Rxc1
27. Rxc1 Ne2+ 0-1

[Event "First Saturday 2010 junius FM-B"]
[Site "Budapest"]
[Date "2010.06.13"]
[Round "9"]
[White "Kelemen, Lajos dr"]
[Black "Grimm, Gyorgy"]
[Result "0-1"]
[WhiteElo "1437"]
[BlackElo "1689"]
[PlyCount "86"]
[EventDate "2010.06.05"]

1. d4 Nf6 2. Bg5 g6 3. Bxf6 exf6 4. e4 Bg7 5. Nf3 O-O 6. Bc4 d6 7. O-O f5 8.
exf5 Bxf5 9. c3 Nd7 10. Re1 Qf6 11. Qb3 Nb6 12. Nbd2 Rae8 13. Rxe8 Rxe8 14. Re1
Rxe1+ 15. Nxe1 Nxc4 16. Qxc4 Qe7 17. Qf1 Bh6 18. Ndf3 Bc1 19. b3 Bb2 20. c4 Bb1
21. Nd3 Bxd3 22. Qxd3 Bc1 23. Qc3 Bh6 24. Qe1 Qd7 25. Kf1 Qf5 26. Qd1 Qe4 27.
d5 Bg7 28. Ng5 Qe5 29. Nf3 Qb2 30. a4 Bc3 31. g3 a6 32. Kg2 Bb4 33. Ng5 h6 34.
Ne4 f5 35. Nxd6 Bxd6 36. Qe1 Qe5 37. Qxe5 Bxe5 38. f4 Bd6 39. Kf3 Kf7 40. g4
fxg4+ 41. Kxg4 Kf6 42. h4 h5+ 43. Kf3 Kf5 0-1

[Event "First Saturday 2010 junius FM-B"]
[Site "Budapest"]
[Date "2010.06.13"]
[Round "9"]
[White "Benyeda, Tibor"]
[Black "Mihajlova, Diana"]
[Result "1-0"]
[WhiteElo "1670"]
[BlackElo "1467"]
[PlyCount "145"]
[EventDate "2010.06.05"]

1. d4 Nf6 2. c4 e5 3. dxe5 Ne4 4. a3 b6 5. Nf3 Bb7 6. Nbd2 d6 7. Nxe4 Bxe4 8.
Ng5 Bb7 9. e6 fxe6 10. Nxe6 Qd7 11. Nxf8 Rxf8 12. f3 Nc6 13. e4 O-O-O 14. Bg5
Rde8 15. Be2 Re5 16. Bh4 g5 17. Bg3 Re7 18. O-O h5 19. h4 Rg8 20. hxg5 Ne5 21.
Bh4 Ng6 22. Bg3 Kb8 23. a4 h4 24. Bh2 h3 25. g3 Ne5 26. Qc2 Nc6 27. Qd2 Re5 28.
b4 Rexg5 29. g4 Ne5 30. Bxe5 Rxe5 31. Rf2 Qg7 32. Qf4 Rxe4 33. fxe4 Qxa1+ 34.
Kh2 Rh8 35. Qf6 Qe5+ 36. Qxe5 dxe5 37. Bd3 Bc8 38. Be2 Be6 39. Rf6 Bd7 40. b5
Kc8 41. Rg6 Kd8 42. Rg5 Rf8 43. Kg3 h2 44. Rh5 Ke7 45. Rxh2 Kd6 46. Rf2 Rg8 47.
Rf1 Kc5 48. Rf7 Kd6 49. Rh7 Ra8 50. Kh4 a6 51. bxa6 Bxa4 52. g5 Bc2 53. Rh6+
Kc5 54. Re6 Kd4 55. Re7 Bxe4 56. Rxc7 Rh8+ 57. Kg4 Ke3 58. Bd1 Bg6 59. Ba4 Bh5+
60. Kf5 e4 61. Bc6 Rf8+ 62. Ke5 Bg6 63. Ke6 Be8 64. Bb7 Bg6 65. a7 Kf4 66. a8=Q
Bf5+ 67. Ke7 Rxa8 68. Bxa8 e3 69. Kf6 e2 70. Re7 Bd3 71. Bd5 Kg3 72. g6 Bxg6
73. Kxg6 1-0

[Event "First Saturday 2010 junius FM-B"]
[Site "Budapest"]
[Date "2010.06.13"]
[Round "9"]
[White "Marosvolgyi, Tibor"]
[Black "Toth, Antal"]
[Result "1/2-1/2"]
[WhiteElo "1628"]
[BlackElo "1657"]
[PlyCount "41"]
[EventDate "2010.06.05"]

1. Nf3 d5 2. d4 Nf6 3. c4 e6 4. Bg5 c6 5. Nc3 Be7 6. e3 O-O 7. cxd5 exd5 8. Bd3
Nbd7 9. O-O h6 10. Bh4 Re8 11. Rc1 Nf8 12. Qc2 Bg4 13. Ne5 Be6 14. Ne2 Ng4 15.
Bxe7 Qxe7 16. Nxg4 Bxg4 17. Nf4 g5 18. Ne2 Bh5 19. Ng3 Bg6 20. Nf5 Bxf5 21.
Bxf5 1/2-1/2

[Event "First Saturday 2010 junius FM-B"]
[Site "Budapest"]
[Date "2010.06.14"]
[Round "10"]
[White "Mihajlova, Diana"]
[Black "Marosvolgyi, Tibor"]
[Result "1-0"]
[WhiteElo "1467"]
[BlackElo "1628"]
[PlyCount "57"]
[EventDate "2010.06.05"]

1. c4 Nf6 2. Nc3 e5 3. Nf3 Nc6 4. g3 Bc5 5. Bg2 O-O 6. O-O d6 7. d3 h6 8. Bd2
Be6 9. e4 Qe7 10. Nd5 Bxd5 11. cxd5 Nd4 12. a4 a6 13. a5 Qd7 14. b4 Ba7 15. Nh4
Qb5 16. Ra3 Rad8 17. Rc3 Rd7 18. Rc4 b6 19. Bh3 Re7 20. Nf5 Nxf5 21. Bxf5 bxa5
22. bxa5 Bc5 23. Qc1 h5 24. Bg5 Qxa5 25. Bxf6 gxf6 26. Qh6 Rfe8 27. Bh7+ Kh8
28. Bg6+ Kg8 29. Qh7+ 1-0